Quelle est (était) la taille de ces personnalités 14 - Statistiques

Statistiques générales
  • Ce quiz a été pris 11 fois
  • Le résultat moyen est 2 sur 20
Statistiques - réponses
Hint Réponse % Correct
Eric Cantona 1,88 m
40%
Antoine Griezmann 1,75 m
30%
François 1er de France 1,92 m
20%
Emma de Caunes 1,58 m
10%
Brigitte Fossey 1,69 m
10%
James Dean 1,70 m
10%
Pierre Arditi 1,71 m
10%
Anémone 1,72 m
10%
Michel Jonasz 1,73 m
10%
Michel Berger 1,75 m
10%
Roland Giraud 1,81 m
10%
Paul Pogba 1,88 m
10%
William de Galles 1,91 m
10%
Demi Moore 1,64 m
0%
Jesse Garon 1,70 m
0%
Francis Huster 1,78 m
0%
Serge Gainsbourg 1,79 m
0%
Victor Lanoux 1,79 m
0%
Alec Baldwin 1,82 m
0%
Benjamin Biolay 1,88 m
0%
Aucun quiz correspondant
Distribution des résultats
% des personnes avec chaque résultat
Percentile par nombre de réponses
Votre historique - résultats
Vous n’avez pas pris ce quiz